Statistics for Confusing Flags🤔

Click here to take the quiz!

General Stats

  • This quiz has been taken 72 times
  • The average score is 12 of 14

Answer Stats

Answer% Correct
Ireland
97%
Poland
95%
Colombia
93%
Cuba
92%
Netherlands
92%
Ecuador
90%
Indonesia
90%
Ivory Coast
89%
Venezuela
87%
Luxembourg
85%
Malaysia
85%
Monaco
82%
Liberia
80%
Puerto Rico
74%

Score Distribution

Percentile by Number Answered

Percent of People with Each Score

Your Score History

You have not taken this quiz